00401nam a2200157Ia 4500008004100000020001800041082001900059100002100078245002000099250000800119260003800127300002900165500001900194600001500213650001500228240925s9999 xx 000 0 und d a9789332543607 a658.800954 KAS aKashyap, Pradeep 0aRural Marketing a3rd aIndia:bPearson Educationc,2016. axiv, 331p.bNAfOriginal aIncludes Index aManagement aManagement